| 000 -LEADER |
| fixed length control field |
00622nam a22001817a 4500 |
| 020 ## - INTERNATIONAL STANDARD BOOK NUMBER |
| ISBN |
9781451144611 |
| 082 ## - DEWEY DECIMAL CLASSIFICATION NUMBER |
| Classification number |
612.64 |
| Item number |
Sa1264s 2012 |
| 100 ## - MAIN ENTRY--AUTHOR NAME |
| Personal name |
Sadler, T.W., author. |
| 245 ## - TITLE STATEMENT |
| Title |
Langman’s medical embryology / T.W. Sadler. |
| 250 ## - EDITION STATEMENT |
| Edition statement |
Twelfth edition. |
| 260 ## - PUBLICATION, DISTRIBUTION, ETC. (IMPRINT) |
| Place of publication |
Philadelphia : |
| Name of publisher |
Wolters Kluwer/ Lippincott Williams & Wilkins, |
| Year of publication |
c2012. |
| 300 ## - PHYSICAL DESCRIPTION |
| Number of Pages |
xiii, 384 pages : |
| Other physical details |
illustrations (some color) ; 26 cm. |
| 500 ## - GENERAL NOTE |
| General note |
Includes bibliographical references and index. |
| 650 ## - SUBJECT ADDED ENTRY--TOPICAL TERM |
| Topical Term |
Human embryology -- Textbooks. |
| 650 ## - SUBJECT ADDED ENTRY--TOPICAL TERM |
| Topical Term |
Human abnormalities -- Textbooks. |
| 700 ## - ADDED ENTRY--PERSONAL NAME |
| Personal name |
Langman, Jan. |
| 942 ## - ADDED ENTRY ELEMENTS (KOHA) |
| Koha item type |
Books |